000 00373nam a2200145Ia 4500
008 191206s9999 xx 000 0 und d
020 _a70081662
090 _aHF5691.B9
245 0 _aBusiness mathematics
250 _a10th ed.
260 _aGlencoe
260 _ccc1988
300 _a"viii, 568 p. : ill. (some col.) ; 24 cm."
999 _c15609
_d15609